| 000 | 00655nam a2200217 a 4500 | ||
|---|---|---|---|
| 999 |
_c1316 _d1316 |
||
| 001 | 1316 | ||
| 003 | BD-JhCC | ||
| 005 | 20171017205217.0 | ||
| 008 | 171017s2005 bg ||||| |||| 00| 0 ben d | ||
| 035 | _a(BD-JhCC) 1316 | ||
| 040 |
_aBD-JhCC _dBD-JhCC |
||
| 041 | _aben | ||
| 082 |
_a891.443 _bKHA 2005 |
||
| 100 | _aকামরুজ্জামান, মোঃ | ||
| 245 |
_aশাদা শাড়ী / _c মোঃ কামরুজ্জামান |
||
| 260 |
_aময়মনসিংহ, ঢাকা : _b3T প্রকাশনী, _c2005 |
||
| 300 |
_a80 p. : _c21 cm |
||
| 650 | _aBengali Novel | ||
| 942 |
_2ddc _cBK |
||